| Tag |
First Indicator |
Second Indicator |
Subfields |
| LEADER |
00000cam a22000004a 4500 |
| 001 |
in00001677310 |
| 005 |
20151024123110.0 |
| 008 |
010119s2002 caua b 001 0 eng |
| 010 |
|
|
|a 2001000435
|
| 015 |
|
|
|a GBA1-U5778
|
| 019 |
|
|
|a 48468451
|
| 020 |
|
|
|a 0892366389
|
| 020 |
|
|
|a 9780892366385
|
| 035 |
|
|
|a (OCoLC)ocm45784224
|
| 040 |
|
|
|a DLC
|c DLC
|d C#P
|d TXA
|d UtOrBLW
|
| 042 |
|
|
|a pcc
|
| 049 |
|
|
|a TXAM
|
| 050 |
0 |
0 |
|a TA480.C7
|b S36 2002
|
| 082 |
0 |
0 |
|a 739.5/11/0288
|2 21
|
| 100 |
1 |
|
|a Scott, David A.,
|d 1948-
|
| 245 |
1 |
0 |
|a Copper and bronze in art :
|b corrosion, colorants, conservation /
|c David A. Scott.
|
| 264 |
|
1 |
|a Los Angeles :
|b Getty Conservation Institute,
|c [2002]
|
| 264 |
|
4 |
|c ©2002
|
| 300 |
|
|
|a xvi, 515 pages :
|b illustrations (some color) ;
|c 26 cm.
|
| 336 |
|
|
|a text
|b txt
|2 rdacontent
|
| 337 |
|
|
|a unmediated
|b n
|2 rdamedia
|
| 338 |
|
|
|a volume
|b nc
|2 rdacarrier
|
| 504 |
|
|
|a Includes bibliographical references (pages [456]-487) and indexes.
|
| 650 |
|
0 |
|a Copper
|x Corrosion.
|
| 650 |
|
0 |
|a Copperwork
|x Conservation and restoration.
|
| 650 |
|
0 |
|a Bronzes
|x Conservation and restoration.
|
| 710 |
2 |
|
|a Getty Conservation Institute.
|
| 856 |
4 |
2 |
|3 Publisher description
|u http://www.loc.gov/catdir/enhancements/fy0637/2001000435-d.html
|t 0
|
| 856 |
4 |
2 |
|3 Contributor biographical information
|u http://www.loc.gov/catdir/enhancements/fy0724/2001000435-b.html
|t 0
|
| 945 |
|
|
|a PromptCat
|
| 946 |
|
|
|a qatar,ref
|
| 947 |
|
|
|a Q14800037745
|
| 948 |
|
|
|a cataloged
|b h
|c 2002/4/9
|d c
|e mphillip
|f 2:25:15 pm
|
| 994 |
|
|
|a E0
|b TXA
|
| 999 |
|
|
|a MARS
|
| 999 |
f |
f |
|s 176a47b5-4505-3333-a166-35f865b9db91
|i 00d4ebf1-f79d-3532-87a6-23f9d2d691e4
|t 0
|
| 952 |
f |
f |
|p normal
|a Texas A&M University
|b College Station
|c Sterling C. Evans Library
|d Evans: Library Stacks
|t 0
|e TA480.C7 S36 2002
|h Library of Congress classification
|i unmediated -- volume
|m A14828818157
|
| 998 |
f |
f |
|a TA480.C7 S36 2002
|t 0
|l Evans: Library Stacks
|